000 00581nam a2200181 i 4500
001 99084
003 ES-MaACL
005 20230906182433.0
007 t|
008 051121s1956 pr ||||1| spa d
080 _a821.111(73) James, Henry 1.07
100 1 _aVientós Gastón, Nilita.
_9114585
245 1 0 _aIntroducción a Henry James /
_cNilita Vientós Gastón.
260 _a[San Juan de Puerto Rico] :
_bEdiciones de La Torre,
_c[1956]
300 _a98 p. ;
_c23 cm.
600 1 4 _aJames, Henry-
_xCrítica e interpretacion.
_965969
852 _aES-MaACL
_jE-11055
_bR.136713
999 _c99084
_d99084